[Event "Hallstahammar op"]
[Site "Hallstahammar"]
[Date "2001.09.09"]
[Round "7"]
[White "Marttila, Mika"]
[Black "Horngren, Alexander"]
[Result "0-1"]
[WhiteElo "1183"]
[BlackElo "1150"]
[PlyCount "117"]
[EventDate "2001.??.??"]
[EventType "swiss"]
[EventRounds "7"]
[EventCountry "SWE"]
[SourceTitle "EXT 2006"]
[Source "ChessBase"]
[SourceDate "2005.11.24"]
[SourceVersion "1"]
[SourceVersionDate "2005.11.24"]
[SourceQuality "1"]

1. e4 e6 2. d4 d5 3. e5 c5 4. c3 Nc6 5. Bb5 Bd7 6. Nf3 Qb6 7. Bxc6 Bxc6 8. 0-0 cxd4 9. cxd4 Ne7 10. Nc3 Nf5 11. Na4 Qc7 12. a3 Be7 13. Bg5 Bxg5 14. Nxg5 h6 15. Nf3 0-0 16. Qc1 Rac8 17. Nc5 Bb5 18. Rd1 b6 19. Nb3 Ba4 20. Qxc7 Rxc7 21. Rd3 Rfc8 22. h3 Bb5 23. Rd2 a5 24. g4 Ne7 25. a4 Bc4 26. Ra3 Ba6 27. Nh2 Ng6 28. Rd1 Nf4 29. Raa1 Nxh3+ 30. Kg2 Ng5 31. Rac1 Rxc1 32. Rxc1 Rxc1 33. Nxc1 b5 34. axb5 Bxb5 35. Nf3 Nxf3 36. Kxf3 Kf8 37. Kg3 f6 38. f4 Bd7 39. Kh4 g5+ 40. fxg5 hxg5+ 41. Kh5 Kf7 42. Nb3 a4 43. Nc5 Bc6 44. exf6 Kxf6 45. Nd3 Be8+ 46. Kh6 Bg6 47. Nc5 Be8 48. Nd3 Bg6 49. Ne5 Bc2 50. Nf3 Bd1 51. Nxg5 Bxg4 52. Nh7+ Kf5 53. Ng5 Kf4 54. Nf7 Ke4 55. Nd6+ Kxd4 56. Nb5+ Kc4 57. Nd6+ Kb3 58. Kg5 Kxb2 59. Kxg4 0-1

[Event "Hallstahammar op"]
[Site "Hallstahammar"]
[Date "2001.09.08"]
[Round "4"]
[White "Hammarstrom, Christer"]
[Black "Horngren, Alexander"]
[Result "1-0"]
[WhiteElo "1567"]
[BlackElo "1150"]
[PlyCount "109"]
[EventDate "2001.??.??"]
[EventType "swiss"]
[EventRounds "7"]
[EventCountry "SWE"]
[SourceTitle "EXT 2006"]
[Source "ChessBase"]
[SourceDate "2005.11.24"]
[SourceVersion "1"]
[SourceVersionDate "2005.11.24"]
[SourceQuality "1"]

1. e4 e6 2. d4 d5 3. exd5 exd5 4. Bd3 Bd6 5. Ne2 c6 6. Bf4 Bxf4 7. Nxf4 Qf6 8. Ne2 Ne7 9. c3 0-0 10. Ng3 Qd6 11. Qc2 h6 12. Nd2 b6 13. Nf3 Nd7 14. 0-0 c5 15. Rfe1 c4 16. Bh7+ Kh8 17. Nf5 Nxf5 18. Bxf5 Nf6 19. Ne5 Nd7 20. f4 Nxe5 21. fxe5 Bxf5 22. Qxf5 Qe6 23. Rf1 b5 24. Rf3 a6 25. Raf1 Kg8 26. g4 Qxf5 27. Rxf5 Rae8 28. g5 hxg5 29. Rxg5 Re6 30. Rf3 f6 31. exf6 Rexf6 32. Rxf6 Rxf6 33. Rxd5 Re6 34. Kf2 Rh6 35. Kg2 Re6 36. Rf5 Re2+ 37. Rf2 Re6 38. Rd2 Kf7 39. Kf3 Ke7 40. Re2 Rxe2 41. Kxe2 Kd6 42. Ke3 Kd5 43. Kf4 a5 44. h4 b4 45. cxb4 axb4 46. Ke3 c3 47. bxc3 bxc3 48. Kd3 Ke6 49. Kxc3 Kf5 50. a4 Kg4 51. a5 Kxh4 52. a6 g5 53. a7 g4 54. a8Q g3 55. Qg2 1-0